| 000 | 00689nam a22001937a 4500 | ||
|---|---|---|---|
| 999 |
_c170355 _d170355 |
||
| 005 | 20191213130941.0 | ||
| 010 | _aA-842584 | ||
| 020 |
_c9.00 _a- |
||
| 035 | _aA-842584 | ||
| 037 | _bBPPD | ||
| 082 | _a615.54 | ||
| 100 | _aمحمد بن ز کر يا ر ا ز ی | ||
| 245 |
_aمعر و ف بہ کتا ب ا لا بد ا ل _cمحمد بن ز کر يا ر ا ز ی |
||
| 246 |
_aMaroof Ba Kitab Ala Badal (Urdu) _bby Mohd. Bin Zakria Razi |
||
| 260 |
_aN.Delhi _c1986 ء _bCentral Council For Research In unani Medicean |
||
| 270 |
_a5,Panchsheel Shoping Centre _bN.Delhi _k- _e110017 |
||
| 300 |
_a95 ص _c22 cm(hb) |
||
| 942 |
_2ddc _cUR _h615.54 _mا ب و |
||